000 00759nam0a22002651 4500
001 2574603
005 20250622225314.0
021 _aRU
_b78-35002
035 _a(NLR Aleph) 006458061
090 _a5807505
_c5807505
100 _a20110316d1978 |||y0rusy50 ca
101 1 _arus
_ager
_crus
_gger
102 _aRU
105 _ay z |||||
200 1 _aSchön ist die Welt
_eEin Buch für Kinder
_fEwald Katzenstein
210 _aMoskau
_cProgress
_d1978
215 _a135 с.
_d20
686 _aШ9(2)6=Нем72-5я44
_2rubbk
700 1 _aКаунштейн
_bЭ.Э.
_gЭвальд Эмильевич
801 0 _aRU
_bNLR
_gpsbo
801 1 _aRU
_bELAR
_2rusmarc
852 _aNLR
_jDesideratum
899 _aRuMoRGB
_jНем 78-8/176
942 _cBOOK
980 _aNB